| 000 | 02047nam a22002897a 4500 | ||
|---|---|---|---|
| 005 | 2011072906536.0 | ||
| 020 |
_a9780670084890 _c699.00 |
||
| 035 | _aB-428314-320 | ||
| 037 | _bAllied/DE2010/CR/2777/16.3.11/280/4.3.11/30.3.11 | ||
| 082 | _a080 | ||
| 245 | 0 | 0 |
_aIdea exchange : _bopinion makers, critical issues, interesting times / _cedited by Uma Vishnu. |
| 260 |
_aNew Delhi : _bExpress Group : _bPenguin Viking, _c2010. |
||
| 300 |
_aviii, 302 p. : _bill. ; _c23 cm. (Hb) |
||
| 520 | _aInterviews with Indian personalities from all walks of life covered in Idea exchange column of Indian Express. | ||
| 700 | 1 |
_aVishnu, Uma. _930454 |
|
| 730 | 0 | 2 |
_aIndian express (Delhi, India) _930455 |
| 942 |
_2ddc _cEN _mIDE _h080 |
||
| 999 |
_c54550 _d54550 |
||